000 00581nam a2200193 a 4500
005 20140310183345.0
008 070131s19uu xx 00 eng d
020 _a0452283248
050 _aHD 53
_b.H353 2002
100 _aHamel, Gary
245 _aLeading the Revolution :
_bhow to thrive in turbulent times by making innovation a way of life /
260 _aU.S.A :
_bA Plume Book Business,
_c2002.
300 _a337 p. :
_c24 cm.
521 _aBSBA
650 _aCreative ability in business.
650 _aStrategic planning.
942 _cBK
_2lcc
_kFOR
999 _c21933
_d21933